Giáo trình lý thuyết và thực hành Oracle : Lập trình
Nội dung giới thiệu tổng quan về hệ quản trị cơ sở dữ liệu Oracle, các công cụ của Oracle, quản trị Oracle và phát triển ứng dụng Oracle
Salvato in:
| Autore principale: | |
|---|---|
| Natura: | Libro |
| Lingua: | Undetermined |
| Pubblicazione: |
Hà Nội
Giáo Dục
2000
|
| Soggetti: | |
| Tags: |
Aggiungi Tag
Nessun Tag, puoi essere il primo ad aggiungerne! !
|
| Thư viện lưu trữ: | Trung tâm Học liệu Trường Đại học Cần Thơ |
|---|
| LEADER | 00878nam a2200217Ia 4500 | ||
|---|---|---|---|
| 001 | CTU_39756 | ||
| 008 | 210402s9999 xx 000 0 und d | ||
| 082 | |a 005.3 | ||
| 082 | |b D513 | ||
| 100 | |a Trần, Tiến Dũng | ||
| 245 | 0 | |a Giáo trình lý thuyết và thực hành Oracle : | |
| 245 | 0 | |b Lập trình | |
| 245 | 0 | |c Trần Tiến Dũng (chủ biên) ... [ et al. ] | |
| 260 | |a Hà Nội | ||
| 260 | |b Giáo Dục | ||
| 260 | |c 2000 | ||
| 520 | |a Nội dung giới thiệu tổng quan về hệ quản trị cơ sở dữ liệu Oracle, các công cụ của Oracle, quản trị Oracle và phát triển ứng dụng Oracle | ||
| 650 | |a Database management,Oracle ( computer program language ) | ||
| 650 | |x Computer programs | ||
| 904 | |i Qhieu | ||
| 980 | |a Trung tâm Học liệu Trường Đại học Cần Thơ | ||